000 00544nam a22001817a 4500
999 _c15713
_d15713
003 AR-CdUCM
008 190429b ||||| |||| 00| 0 spa d
040 _aMUNICIPALIDAD PROVINCIAL DEL CUSCO
_cBIBLIOTECA MUNICIPAL DEL CUSCO
082 _aC / 984.3 /
_bA58
100 _aAngeles Caballero, Cesar A.
_99487
245 _aLa universidad de Ancash /
260 _aLima :
_bP. L. Villanueva,
_c1967.
300 _a14 páginas ;
_c21 cm.
505 _aLa universidad de Ancash
650 _aAncash.
_98362
942 _2ddc
_cLIBROS
945 _awfj